| 000 | 00751nam a2200205 i 4500 | ||
|---|---|---|---|
| 001 | 27941 | ||
| 003 | ES-MaACL | ||
| 005 | 20250804062732.0 | ||
| 008 | 030115s1967 sp |||| | spa d | ||
| 100 | 1 |
_aBalbontín, José Antonio, _d1893-1977 _924853 |
|
| 245 | 1 | 1 |
_a¿Dónde está la verdad? _b: (leves comentarios sobre diversos filósofos y teólogos españoles y extranjeros) / _cJosé Antonio Balbontin ; prólogo J. Fernández Figueroa. |
| 250 | _a1ª ed. | ||
| 260 |
_aBarcelona : _b[Fontanella Diamante], _c1967. |
||
| 300 |
_a324 p. ; _c19 cm. |
||
| 650 | 0 | 7 |
_aFilosofía _2embne _912802 |
| 650 | 0 | 7 |
_aTeología _2embne _917457 |
| 700 | 1 |
_aFernández Figueroa, J. _949783 |
|
| 852 |
_aES-MaACL _jG-15951 |
||
| 999 |
_c27941 _d27941 |
||